| 000 | 00552nam a22001937a 4500 | ||
|---|---|---|---|
| 003 | OSt | ||
| 005 | 20150302190309.0 | ||
| 008 | 150202b xxu||||| |||| 00| 0 eng d | ||
| 040 | _cBMC | ||
| 082 | _a808.0687284 | ||
| 100 | 1 |
_aLindo, Hugo _95625 _d1917-1985 |
|
| 245 | 1 | 0 |
_aAquí se cuentan cuentos _cHugo Lindo |
| 250 | _a2ª ed | ||
| 260 |
_aSan Salvador _bMinisterio de Educación. Dirección de Publicaciones _c1978 |
||
| 300 |
_a221 p. _c18 cm |
||
| 490 |
_aColección Narradores _v6 |
||
| 650 | 2 | 4 |
_929639 _aCuentos salvadoreños |
| 942 |
_2ddc _cBK |
||
| 999 |
_c18021 _d18021 |
||